JURNAL PENYELIDIKAN ISLAM (Record no. 774)

000 -LEADER
fixed length control field nam a22 a 4500
005 - DATE AND TIME OF LATEST TRANSACTION
control field 20170505095045.0
008 - FIXED-LENGTH DATA ELEMENTS--GENERAL INFORMATION
fixed length control field 170505b1989 MY ||||| |||| 00| 0 eng d
040 ## - CATALOGING SOURCE
Original cataloging agency AKMAL
082 ## - DEWEY DECIMAL CLASSIFICATION NUMBER
Classification number 297.07 SUR
090 ## - LOCALLY ASSIGNED LC-TYPE CALL NUMBER (OCLC); LOCAL CALL NUMBER (RLIN)
Classification number (OCLC) (R) ; Classification number, CALL (RLIN) (NR) 27.07
Local cutter number (OCLC) ; Book number/undivided call number, CALL (RLIN) SUR
245 ## - TITLE STATEMENT
Title JURNAL PENYELIDIKAN ISLAM
Statement of responsibility, etc. BAHAGIAN HAL EHWAL ISLAM
260 ## - PUBLICATION, DISTRIBUTION, ETC.
Place of publication, distribution, etc. KUALA LUMPUR
Name of publisher, distributor, etc. BAHAGIAN HAL EHWAL ISLAM JABATAN PERDANA MENTERI
Date of publication, distribution, etc. 1989
300 ## - PHYSICAL DESCRIPTION
Extent 100 pg
Dimensions cm
942 ## - ADDED ENTRY ELEMENTS (KOHA)
Source of classification or shelving scheme
Koha item type Book
Holdings
Withdrawn status Lost status Source of classification or shelving scheme Damaged status Not for loan Collection code Home library Current library Shelving location Date acquired Inventory number Total Checkouts Full call number Barcode Date last seen Price effective from Koha item type
          NON-FICTION AKMAL Melaka AKMAL Melaka PINJAMAN 05.05.2017 200182   297.07 SUR 201701757 05.05.2017 05.05.2017 Book
Pusat Sumber Maklumat Dato' Haji Sarmin Md Hussin, Akademi Kastam Diraja Malaysia, Melaka
Tel: 06-2331106 | Faks: 06-2313787